000
00243nam a2200109Ia 4500
008
190907s9999||||xx |||||||||||||| ||und||
100
_a
Dornbusch
245
0
_a
Macroeconomics
260
_a
USA
_b
Famous Books
_c
1995
300
_a
523
942
_c
BK
999
_c
6623
_d
6623